La masonería que vuelve
Salvato in:
| Autore principale: | |
|---|---|
| Natura: | Libro |
| Lingua: | spagnolo |
| Pubblicazione: |
Barcelona
Planeta
1980
|
| Edizione: | 3a. ed |
| Serie: | Espejo de España, 60
|
| Soggetti: | |
| Tags: |
Aggiungi Tag
Nessun Tag, puoi essere il primo ad aggiungerne!!
|
MARC
| LEADER | 00000nam a2200000 a 4500 | ||
|---|---|---|---|
| 001 | UCQ2057 | ||
| 003 | CL-VaPUC | ||
| 008 | 980721e19801200SP |||||||||||||||||spa|d | ||
| 082 | 0 | 4 | |a 366.1 |b LER |2 21 |
| 100 | |a Lera, Ángel María de |e author |9 562927 | ||
| 245 | 1 | 3 | |a La masonería que vuelve |
| 250 | |a 3a. ed | ||
| 300 | |a 268 p | ||
| 942 | |c BK | ||
| 945 | |d 19980721 00:00:00 |a crobeson | ||
| 260 | |a Barcelona |b Planeta |c 1980 | ||
| 650 | 0 | |a Masonería |9 256238 | |
| 650 | 0 | |a Sectas |9 320072 | |
| 650 | 0 | |a Comunidades religiosas |9 315330 | |
| 650 | 0 | |a Historia |9 255047 | |
| 583 | |a last modification |c 19980721 00:00:00 |k Rodrigo Vera | ||
| 490 | 0 | |a Espejo de España, 60 | |
| 999 | |c 272899 |d 272897 | ||
| 952 | |0 0 |1 0 |4 0 |6 366_100000000000000_LER_1980 |7 0 |8 A |9 308112 |a BIBEDU |b BIBEDU |d 2019-11-20 |i 1435515 |o 366.1 LER 1980 |p 1435515 |r 2019-11-20 |w 2019-11-20 |y BK |k LIT | ||